000 00288nam a22001337a 4500
008 170621b xxu||||| |||| 00| 0 eng d
020 _a034012640-X
041 _aeng
080 _a94
100 _a16
101 _aSHH
245 _aTHE NIGERIAN CIVIL WAR
_cJORRE,J.S
942 _2udc
_cBK
999 _c18441
_d18441